| 000 | 00743nam a22002177a 4500 | ||
|---|---|---|---|
| 005 | 20251108172628.0 | ||
| 008 | 250721s2013 xx 000 0 ara d | ||
| 082 | 1 | 4 | _a658.404/شرم |
| 100 | 1 | _aالشرمان، زياد محمد | |
| 245 | 1 | 0 | _aدراسات جدوى المشاريع الإقتصادية و تقييمها / |
| 264 | 1 |
_aعمان : _bمؤسسة تسنيم للنشر و التوزيع، _c2013. |
|
| 300 | _a445 ص. | ||
| 650 | 1 | 7 | _aإدارة المشروع |
| 650 | 1 | 7 | _aالمشاريع |
| 650 | 1 | 7 | _aدراسات الجدوى |
| 650 | 1 | 7 | _aدراسة المشاريع |
| 650 | 1 | 7 | _aالإقتصاد |
| 653 | _aدراسة جدوى المشاريع الإقتصادية | ||
| 942 |
_2ddc _cBK |
||
| 999 |
_c84446 _d84446 |
||